00268nam a2200109Ia 4500100001100000250001800011942000700029245005300036260003400089082001600123999001900139 ahuckin a1991(2nd edn) cBK aTechnical writing and professional communication amc grawhill international edn a808.06bHUC c423349d423349